Statistics for European countries with HDI higher than all neighbors

Click here to take the quiz!

General Stats

  • This quiz has been taken 1,273 times
  • The average score is 7 of 8

Answer Stats

HintAnswer% Correct
0.957Norway
97%
0.955Switzerland
95%
0.955Ireland
93%
0.888Greece
89%
0.892Estonia
85%
0.904Spain
81%
0.882Lithuania
70%
0.829Montenegro
57%

Score Distribution

Percentile by Number Answered

Percent of People with Each Score

Your Score History

You have not taken this quiz